000 00584 a2200169 4500
999 _c2862
_d2862
020 _a9780324788839
050 _aHF 5549,12 CAS 2010
100 _aCassidy, Carlene
_eauthor
245 _aSuppervision:
_bsetting people up for success
_cCarlene Cassidy and Roberty Kreitner
264 _aMason
_bSouthern- Western Cengage Learning
_c2010
300 _axix, 460p :
_bill. (col.)
500 _aIncludes bibliographical references and index
650 _aSupervision of employees
650 _aPersonnel
_xSuppervision
700 _aKreitner, Robert
942 _2lcc
_cBK
_h55449.12
_iCAS
_kHF